000 00409pab a2200157 454500
008 180718b2007 xxu||||| |||| 00| 0 eng d
100 _aMcCrary, Justin
245 _aThe effect of court-ordered hiring quotas on the composition and quality of police
260 _c2007
300 _ap.318-53.
362 _aMar
650 _aPolice
773 _aAmerican Economic Review
908 _aN
909 _a74068
999 _c74068
_d74068